| 000 | 01286nji a22002777a 4500 | ||
|---|---|---|---|
| 005 | 20100906135620.0 | ||
| 006 | a|||||r|||||00| 0 | ||
| 007 | sd ammalaaahaa | ||
| 008 | 100830t xxu||||| |||| 00| 0 eng d | ||
| 028 |
_aN 53200 _bHis Master's Voice |
||
| 035 | _aGR-772 | ||
| 040 |
_aSED _cSED |
||
| 100 |
_917455 _aMangeshkar, Lata |
||
| 245 |
_aKohinoor / _cby Lata Mangeshkar [and] Mohd. Rafi ; music by Naushad ; lyrics by Badatuni, Shakeel _h[sound recording] : |
||
| 246 | _aकोहिनूर / लता मंगेशकर द्वारा | ||
| 260 |
_aDum Dum, India _bHis Master's Voice |
||
| 300 |
_a1 sound disc [Gramophone Recording]: _banalog, 33 1/3 rpm _c9.5 in. (MP) _fGramophone Record |
||
| 500 | _aBrief Record | ||
| 505 | _aSide-1 दो सितारों का ज़मीं पर (Do sitaro ka zamin par) (Lata Mangeshkar and Mohd. Rafi) --Side-2 कोई प्यार की देखे जादूगरी (Koi pyar k dekhe jadugari) (Lata Mangeshkar and Mohd. Rafi) | ||
| 650 |
_aClassical music _zIndia _91186 _xExcerpts |
||
| 700 |
_917416 _aNausad |
||
| 700 |
_917456 _aBadayuni, Shakeel |
||
| 700 |
_918531 _aSaahir |
||
| 942 |
_2ddc _cGR |
||
| 999 |
_c43985 _d43985 |
||